Historia del cine argentino : [síntesis] /
Folleto que presenta una síntesis del libro original publicado en dos volumenes con un total de 600 páginas, donde se plantea un panorama general del cine argentino, desde 1897 hasta la primera mitad del siglo XX.
Salvato in:
| Autore principale: | |
|---|---|
| Natura: | Libro |
| Lingua: | spagnolo |
| Pubblicazione: |
Buenos Aires, Argentina :
Cruz de Malta,
hacia 1960
|
| Soggetti: | |
| Tags: |
Nessun Tag, puoi essere il primo ad aggiungerne!!
|
MARC
| LEADER | 00000nam^a2200000^a^4500 | ||
|---|---|---|---|
| 001 | 000327268 | ||
| 005 | 20250521000000.0 | ||
| 009 | 20260310113831.424 | ||
| 037 | |a Acervo Xavier Clavigero | ||
| 041 | |a ESP | ||
| 082 | |a 302. 2350982 |b NUB | ||
| 100 | |a Nubila, Domingo di |e (autor) | ||
| 245 | 1 | 0 | |a Historia del cine argentino : |b [síntesis] / |c D. di Nubila. |
| 264 | 1 | |a Buenos Aires, Argentina : |b Cruz de Malta, |c hacia 1960 | |
| 300 | |a 1 folleto (16 p.) | ||
| 336 | |a texto |b txt |2 rdacontenido | ||
| 337 | |a sin mediación |b n |2 rdamedio | ||
| 338 | |a volumen |b nc |2 rdasoporte | ||
| 520 | |a Folleto que presenta una síntesis del libro original publicado en dos volumenes con un total de 600 páginas, donde se plantea un panorama general del cine argentino, desde 1897 hasta la primera mitad del siglo XX. | ||
| 649 | |a XX | ||
| 650 | |a Cine Argentino - |x Historia y Crítica - |x Tema Principal | ||
| 650 | |a Cine Argentino - |y Siglo XX | ||
| 650 | |a Medios de Comunicación - |x Historia | ||
| 650 | |a Comunicación Visual - |x Historia | ||
| 910 | |a Fondo General | ||
| 920 | |a Impresos - Libros | ||
| 930 | |a Colección General | ||
| 905 | |a 101 | ||
| 901 | |a 0500216168 |b IT2 |c FOL |u 20250521 | ||
| 902 | |a https://opac.biblio.iteso.mx/vufind/Record/000327268 | ||